000
00266nam a2200109Ia 4500
008
190911s9999||||xx |||||||||||||| ||und||
100
_a
Brown, Mark R.
245
0
_a
Netscape Navigator 3 Starter KIT
260
_a
New York
_b
Pearson
_c
1996
300
_a
509
942
_c
BK
999
_c
6659
_d
6659